| 000 | 00483nam a22001577a 4500 | ||
|---|---|---|---|
| 003 | OSt | ||
| 005 | 20150909163704.0 | ||
| 008 | 150909b xxu||||| |||| 00| 0 eng d | ||
| 040 | _cRUA | ||
| 082 | _aAGR សំ 1994 B009 Or.1 | ||
| 100 |
_9198 _aសំ ស៊ីសត្ថា |
||
| 245 | _aការប្រើប្រាស់ថ្នាំរំញោចលើដំណាំកៅស៊ូ | ||
| 260 |
_aPhnom Penh _bRUA _c1994 |
||
| 300 |
_a65p. _bill. _c29cm. |
||
| 942 |
_2ddc _cAGR |
||
| 999 |
_c178 _d178 |
||